[Event "Santa Fe op"]
[Site "Santa Fe"]
[Date "2020.02.09"]
[Round "4"]
[White "Sarla, Andres"]
[Black "Salazar, Leovys Erix"]
[Result "0-1"]
[WhiteElo "1323"]
[BlackElo "1611"]
[PlyCount "91"]
[EventDate "2020.02.08"]
[EventType "swiss"]
[EventRounds "7"]
[EventCountry "ARG"]
[SourceTitle "CBM 195 Extra"]
[Source "ChessBase"]
[SourceDate "2020.05.31"]
[SourceVersion "1"]
[SourceVersionDate "2020.05.31"]
[SourceQuality "1"]

1. e4 c5 2. Nc3 d6 3. b3 g6 4. Bb2 Bg7 5. g3 e6 6. Bg2 Ne7 7. f4 Nbc6 8. Nf3 Bd7 9. 0-0 a6 10. Rb1 Rb8 11. Kh1 b5 12. Nxb5 0-0 13. Bxg7 Kxg7 14. Nxd6 Qc7 15. Nc4 Rfd8 16. Qc1 Nb4 17. a3 Nbc6 18. Qb2+ Kg8 19. Qf6 Bc8 20. Nce5 Nxe5 21. Nxe5 Rf8 22. Ng4 h5 23. Ne5 Rb6 24. g4 h4 25. Qxh4 Kg7 26. h3 Rh8 27. Qg3 Rb8 28. Qc3 f6 29. Nc4 Nc6 30. Nb2 Na7 31. Rf2 Nb5 32. Qe3 Nxa3 33. Rc1 Nb5 34. Na4 Nd4 35. Qc3 Rb5 36. Bf1 Ra5 37. Nb2 Ra2 38. Na4 Rxa4 39. bxa4 Qb6 40. d3 Bb7 41. Bg2 f5 42. exf5 Rxh3+ 43. Kg1 Rg3 44. f6+ Kf7 45. Qd2 Rxg2+ 46. Kf1 0-1

[Event "Santa Fe Rafaela U2200 op"]
[Site "Santa Fe"]
[Date "2019.05.04"]
[Round "3.8"]
[White "Salazar, Leovys Erix"]
[Black "Angelini, Diego"]
[Result "0-1"]
[WhiteElo "1624"]
[BlackElo "2003"]
[PlyCount "100"]
[EventDate "2019.05.04"]
[EventType "swiss"]
[EventRounds "6"]
[EventCountry "ARG"]
[SourceTitle "EXT 2024"]
[Source "ChessBase"]
[SourceDate "2023.10.10"]
[SourceVersion "1"]
[SourceVersionDate "2023.10.10"]
[SourceQuality "1"]

1. e4 c5 2. Nf3 d6 3. Bb5+ Nd7 4. 0-0 Ngf6 5. Re1 e6 6. d4 cxd4 7. Nxd4 Be7 8. Nc3 0-0 9. Be3 a6 10. Bc4 Ne5 11. Be2 Qc7 12. Bc1 b5 13. a3 Bb7 14. Bf1 Rac8 15. h3 Qb8 16. Kh1 Qa8 17. f3 Nc6 18. Nxc6 Bxc6 19. Bg5 Rfd8 20. Qe2 Nh5 21. Qe3 Bxg5 22. Qxg5 Nf6 23. Bd3 Bb7 24. Rad1 Rc5 25. Qe3 Rdc8 26. Ne2 Qb8 27. b4 Rh5 28. Ng3 Rh6 29. Kg1 Qc7 30. Ne2 Nd7 31. Rc1 d5 32. exd5 Bxd5 33. Be4 Nb6 34. Nf4 Nc4 35. Qe2 Qxf4 36. Bxd5 Qd4+ 37. Kh1 Qxd5 38. Rcd1 Qc6 39. Qd3 Qc7 40. Qd4 Rh5 41. Qc3 Rd5 42. Rxd5 exd5 43. Qd4 Qd7 44. Qd3 g6 45. Re2 Re8 46. Rf2 Qe6 47. Qd4 Qe3 48. Qh4 Nxa3 49. Rf1 Nxc2 50. Rd1 d4 0-1